000 01328nam a2200325Ia 4500
001 ebr10296354
003 CaPaEBR
006 m u
007 cr cn|||||||||
008 071018s2008 njua sb 001 0 eng d
010 _z 2007042812
020 _z9780470197677 (cloth)
020 _z0470197676 (cloth)
040 _aCaPaEBR
_cCaPaEBR
035 _a(OCoLC)832410298
050 1 4 _aHD9502.A2
_bJ34 2008eb
100 1 _aJackson, Jerry,
_d1945-
245 1 0 _aEnergy Budgets at Risk (EBaR)
_h[electronic resource] :
_ba risk management approach to energy purchase and efficiency choices /
_cJerry Jackson.
260 _aHoboken, NJ :
_bJohn Wiley & Sons,
_cc2008.
300 _axviii, 300 p. :
_bill.
490 1 _aWiley finance series
504 _aIncludes bibliographical references (p. 289-293) and index.
533 _aElectronic reproduction.
_bPalo Alto, Calif. :
_cebrary,
_d2011.
_nAvailable via World Wide Web.
_nAccess may be limited to ebrary affiliated libraries.
650 0 _aPower resources
_xCosts
_xManagement.
650 0 _aEnergy consumption
_xCosts.
655 7 _aElectronic books.
_2local
710 2 _aebrary, Inc.
830 0 _aWiley finance series.
856 4 0 _uhttp://site.ebrary.com/lib/rucke/Doc?id=10296354
_zAn electronic book accessible through the World Wide Web; click to view
999 _c77314
_d77314